00593cam a22001933a 450000100060000000300060000600500170001200800410002904000150007004200070008510000200009224500990011226000290021150600300024051600200027070000380029083000290032885600420035744256PGUSA20140828084018.0131121s2013||||xxu|||||s|||||000 | eng d aPGUSAbeng adc1 aStrang, Herbert10aBrown of Moukden :bA Story of the Russo-Japanese Warh[electronic resource] /cHerbert Strang bProject Gutenberg,c2013 aPublic domain in the USA. aElectronic text1 aRainey, W.q(William),d1852-1936 0aProject Gutenbergv4425640uhttp://www.gutenberg.org/ebooks/44256